Norma Chilena Oficial NCh-ISO 14001. Of2005
Guardado en:
| Autores Corporativos: | , |
|---|---|
| Formato: | Libro |
| Lenguaje: | español |
| Publicado: |
Santiago
Instituto Nacional de Normalización
2005
|
| Edición: | 1a. ed |
| Materias: | |
| Etiquetas: |
Agregar Etiqueta
Sin Etiquetas, Sea el primero en etiquetar este registro!
|
MARC
| LEADER | 00000nam a2200000 a 4500 | ||
|---|---|---|---|
| 001 | UCI0436 | ||
| 003 | CL-VaPUC | ||
| 008 | 070511e20050000CL |||||||||||||||||spa|d | ||
| 082 | 0 | 4 | |a 363.7 |b INS |2 21 |
| 110 | 2 | |a Instituto Nacional de Normalización |e author |9 520559 | |
| 710 | 2 | |a INN |e author |9 520560 | |
| 245 | 1 | 0 | |a Norma Chilena Oficial NCh-ISO 14001. Of2005 |
| 246 | 1 | 0 | |a Sistemas de gestión ambiental. Requisitos con orientaciones para su uso |
| 250 | |a 1a. ed | ||
| 300 | |a 26 p | ||
| 942 | |c BK | ||
| 945 | |d 20070511 00:00:00 |a cmena | ||
| 260 | |a Santiago |b Instituto Nacional de Normalización |c 2005 | ||
| 650 | 0 | |a Protección del medio ambiente |9 257626 | |
| 650 | 0 | |a Gestión ambiental |9 338121 | |
| 650 | 0 | |a Normalización |9 262666 | |
| 650 | 7 | |a ISO 14001 |2 CL-VaPUC |9 520561 | |
| 583 | |a last modification |c 20070511 00:00:00 |k Rodrigo Vera | ||
| 999 | |c 325596 |d 325594 | ||
| 952 | |0 0 |1 0 |4 0 |6 363_700000000000000_INS_2005 |7 0 |8 A |9 406627 |a BIBAGR |b BIBAGR |d 2019-11-22 |i 4338642 |o 363.7 INS 2005 |p 4338642 |r 2025-01-20 |w 2019-11-22 |y BK |k AGR | ||